[Event "10. Lichtenberger Sommer"]
[Site "Berlin"]
[Date "2011.08.19"]
[Round "7.107"]
[White "Sandbrand, Alexandru"]
[Black "Kammler, Hans-Joachim"]
[Result "0-1"]
[WhiteElo "1360"]
[BlackElo "1519"]
[PlyCount "44"]
[EventDate "2011.??.??"]
[WhiteTeam "SK Tempelhof 1931 e.V."]
[BlackTeam "vereinslos"]

1. e4 e6 2. d4 d5 3. e5 c5 4. c3 Nc6 5. Nf3 f6 6. Bf4 Qb6 7. Qd2 cxd4 8. Bd3
Bc5 9. O-O Nge7 10. b4 dxc3 11. bxc5 Qb2 12. Qxc3 Qb4 13. a3 Qxf4 14. Bb5 O-O
15. a4 fxe5 16. Re1 e4 17. Qd2 Qg4 18. h3 Qg6 19. Nd4 Nxd4 20. Qxd4 e5 21. Qe3
Rf3 22. Qd2 Bxh3 0-1

[Event "10. Lichtenberger Sommer"]
[Site "Berlin"]
[Date "2011.08.19"]
[Round "7.108"]
[White "Herzsprung, Johanna"]
[Black "Schröder, Gert"]
[Result "1/2-1/2"]
[WhiteElo "1148"]
[BlackElo "1386"]
[PlyCount "79"]
[EventDate "2011.??.??"]
[WhiteTeam "BSC Rehberge 1945 e.V."]
[BlackTeam "SV Königsjäger Süd-West e.V."]

1. e4 d6 2. Nf3 g6 3. Nc3 Bg7 4. Bc4 Bg4 5. h3 Bd7 6. d3 Bh6 7. Bxh6 Nxh6 8.
Qd2 Ng8 9. O-O e6 10. Rfe1 Nc6 11. a3 Ne5 12. Nxe5 dxe5 13. Re3 Qg5 14. Qe2 Ne7
15. Rg3 Qh6 16. Qf3 Qf4 17. Qe2 Qh6 18. Nb5 Bxb5 19. Bxb5+ c6 20. Bc4 g5 21.
Qg4 Qh4 22. Qxg5 Qxg5 23. Rxg5 Ng6 24. Rg3 O-O 25. h4 Kh8 26. h5 Nf4 27. Rg5 h6
28. Rxe5 Ne2+ 29. Kf1 Nf4 30. g3 Nh3 31. f4 Rg8 32. Kg2 Nxf4+ 33. Kf3 Nh3 34.
d4 b5 35. Bb3 Ng5+ 36. Kf4 Rad8 37. c3 Nh3+ 38. Kf3 Ng5+ 39. Kf4 Nh3+ 40. Kf3
1/2-1/2

[Event "10. Lichtenberger Sommer"]
[Site "Berlin"]
[Date "2011.08.19"]
[Round "7.110"]
[White "Berg, Gerd"]
[Black "Lippianowski, Stefan"]
[Result "1-0"]
[WhiteElo "1623"]
[BlackElo "1261"]
[PlyCount "99"]
[EventDate "2011.??.??"]
[WhiteTeam "SK König Tegel 1949 e.V."]
[BlackTeam "Treptower SV 1949 e.V."]

1. c4 e5 2. Nc3 Nf6 3. d3 Bb4 4. Bd2 O-O 5. a3 Bxc3 6. Bxc3 Nc6 7. g3 d6 8. Bg2
Nd4 9. Nf3 Bg4 10. Nxd4 exd4 11. Bxd4 d5 12. f3 Be6 13. c5 c6 14. O-O Nd7 15.
Qd2 Qe7 16. Qc3 f6 17. b4 Rfe8 18. Qd2 Bf5 19. Rae1 h5 20. e4 Be6 21. Be3 Rad8
22. Bf4 Ne5 23. exd5 Rxd5 24. Bxe5 Rxe5 25. f4 Rxe1 26. Rxe1 Qd7 27. Kh1 Kf7
28. Re3 Qd4 29. Qc1 Bd5 30. Rxe8 Kxe8 31. Qe1+ Kf7 32. Bxd5+ Qxd5+ 33. Qe4 Qa2
34. Qc4+ Qxc4 35. dxc4 Kg6 36. Kg2 Kf5 37. Kf3 g6 38. a4 Ke6 39. h3 f5 40. Ke3
Kf6 41. h4 Ke6 42. Kd4 Kf6 43. b5 Ke6 44. a5 Kd7 45. Ke5 Ke7 46. a6 Kd7 47. Kf6
bxa6 48. bxa6 Ke8 49. Kxg6 Ke7 50. Kxf5 1-0

[Event "10. Lichtenberger Sommer"]
[Site "Berlin"]
[Date "2011.08.20"]
[Round "8.1"]
[White "Franco Alonso, Alejandro"]
[Black "Rietze, Clemens"]
[Result "1-0"]
[WhiteElo "2452"]
[BlackElo "2310"]
[PlyCount "109"]
[EventDate "2011.??.??"]
[WhiteTeam "Gros Xake Taldea"]
[BlackTeam "USV Potsdam e.V., Abt. Schach"]

1. Nf3 c5 2. c4 g6 3. d4 Bg7 4. d5 Nf6 5. Nc3 O-O 6. e4 d6 7. h3 e6 8. Bd3 exd5
9. exd5 Re8+ 10. Be3 Bf5 11. O-O Ne4 12. Nxe4 Bxe4 13. Bxe4 Rxe4 14. Qd3 Re8
15. Rab1 Nd7 16. b4 b6 17. bxc5 bxc5 18. Rb5 Qc7 19. Rfb1 Rab8 20. Bf4 Rxb5 21.
Rxb5 a6 22. Rb3 Be5 23. Bd2 Rb8 24. Qb1 Rxb3 25. axb3 Qb6 26. Qa2 Kf8 27. Qa4
Ke7 28. g4 f6 29. Kg2 Bb2 30. Ne1 g5 31. Qa2 Be5 32. Qb1 Nf8 33. h4 gxh4 34. f4
Bd4 35. Nf3 Ng6 36. Kh3 Qb8 37. Nxh4 Kf7 38. Nf5 Kg8 39. Kg2 Qe8 40. Kf3 Qb8
41. Qd3 Be5 42. Kg3 Bd4 43. b4 a5 44. b5 a4 45. Nxd4 cxd4 46. Qxd4 Kf7 47. Bc3
Qd8 48. b6 Nf8 49. b7 Nd7 50. Qe4 Qb6 51. Qe6+ Kf8 52. Bxf6 Qg1+ 53. Kh4 Qh2+
54. Kg5 h6+ 55. Kg6 1-0

[Event "10. Lichtenberger Sommer"]
[Site "Berlin"]
[Date "2011.08.20"]
[Round "8.3"]
[White "Weber, Dirk"]
[Black "Rabiega, Robert"]
[Result "0-1"]
[WhiteElo "2271"]
[BlackElo "2507"]
[PlyCount "68"]
[EventDate "2011.??.??"]
[WhiteTeam "SV Königsspringer Braunschweig"]
[BlackTeam "SK König Tegel 1949 e.V."]

1. c4 e5 2. a3 Nf6 3. e3 c6 4. Nf3 d6 5. Nc3 g6 6. Be2 Bg7 7. d4 e4 8. Nd2 d5
9. b4 O-O 10. Bb2 Be6 11. Rc1 Ne8 12. cxd5 cxd5 13. Nb3 b6 14. Nd2 f5 15. Qb3
Kh8 16. h4 Nd7 17. g3 a6 18. a4 Ndf6 19. Rc2 Nd6 20. Ba3 Rf7 21. b5 a5 22. O-O
f4 23. Bxd6 Qxd6 24. gxf4 Nh5 25. Bxh5 gxh5 26. Ne2 Bf6 27. Rc6 Rg8+ 28. Kh2
Qe7 29. Nxe4 Bxh4 30. N2g3 Bxg3+ 31. fxg3 h4 32. Rh1 Bd7 33. Qxd5 Rf5 34. Qxg8+
Kxg8 0-1

[Event "10. Lichtenberger Sommer"]
[Site "Berlin"]
[Date "2011.08.20"]
[Round "8.4"]
[White "Klundt, Klaus"]
[Black "Bruchmann, Stephan"]
[Result "1/2-1/2"]
[WhiteElo "2377"]
[BlackElo "2304"]
[PlyCount "37"]
[EventDate "2011.??.??"]
[WhiteTeam "SC Heusenstamm"]
[BlackTeam "SC Rotation Pankow e.V."]

1. e4 c6 2. d4 d5 3. exd5 cxd5 4. c4 Nf6 5. Nc3 g6 6. Qb3 Bg7 7. cxd5 O-O 8.
Be2 Nbd7 9. Bf4 Nb6 10. Bf3 Bf5 11. Rd1 Qd7 12. h3 h5 13. Nge2 Rfd8 14. d6 exd6
15. O-O d5 16. Be5 Bg4 17. hxg4 hxg4 18. Bxd5 Nfxd5 19. Rfe1 1/2-1/2

[Event "10. Lichtenberger Sommer"]
[Site "Berlin"]
[Date "2011.08.20"]
[Round "8.7"]
[White "Bruedigam, Martin"]
[Black "Schulz, Michael"]
[Result "1-0"]
[WhiteElo "2322"]
[BlackElo "2233"]
[PlyCount "73"]
[EventDate "2011.??.??"]
[WhiteTeam "USV Potsdam e.V., Abt. Schach"]
[BlackTeam "SC Empor Potsdam 1952 e.V."]

1. c4 f5 2. Nc3 Nf6 3. f4 b6 4. Nf3 Bb7 5. g3 Bxf3 6. exf3 c5 7. d4 cxd4 8.
Qxd4 Nc6 9. Qf2 e6 10. Be3 Bb4 11. Rc1 O-O 12. a3 Bxc3+ 13. Rxc3 Rc8 14. Rc1
Qe7 15. Be2 d6 16. O-O Rc7 17. b4 Nb8 18. Rfd1 Rfc8 19. Bf1 Nbd7 20. Qd2 d5 21.
cxd5 Nxd5 22. Bd4 N7f6 23. Rxc7 Qxc7 24. Ba6 Rd8 25. Be5 Qd7 26. Bc4 Kf7 27.
Bxf6 Nxf6 28. Bxe6+ Qxe6 29. Qxd8 Qe3+ 30. Kg2 Qe2+ 31. Kh3 Qxf3 32. Qd3 Qg4+
33. Kg2 h5 34. Qc4+ Ke7 35. Qc7+ Kf8 36. Rd8+ Ne8 37. Qd6+ 1-0

[Event "10. Lichtenberger Sommer"]
[Site "Berlin"]
[Date "2011.08.20"]
[Round "8.8"]
[White "Oberhofer, Andre"]
[Black "Schreyer, Oliver"]
[Result "1/2-1/2"]
[WhiteElo "2308"]
[BlackElo "2130"]
[PlyCount "142"]
[EventDate "2011.??.??"]
[WhiteTeam "Saarbrücker Gambit 89 e.V."]
[BlackTeam "Schachverein 1949 Herzogenrath"]

1. e4 Nf6 2. e5 Nd5 3. d4 d6 4. exd6 cxd6 5. Nf3 g6 6. Be2 Bg7 7. O-O Nc6 8. c4
Nb6 9. Be3 Bg4 10. Nbd2 O-O 11. h3 Bxf3 12. Nxf3 e5 13. dxe5 dxe5 14. Qxd8
Rfxd8 15. Rad1 Nd4 16. Nxd4 exd4 17. Bf4 Na4 18. Bf3 Rd7 19. b3 Nc3 20. Rd3 Re8
21. Bd2 Rde7 22. a4 b6 23. g3 f5 24. Bg5 Re1 25. Bc6 R8e2 26. Bd2 Rxf1+ 27.
Kxf1 Re6 28. Ba8 Re8 29. Bc6 Re6 30. Bf3 a5 31. Bc1 Ne4 32. Bb2 Rd6 33. Bxe4
fxe4 34. Rd1 Kf7 35. Ke1 Ke6 36. f3 Ke5 37. Ke2 exf3+ 38. Kxf3 Rd7 39. Re1+ Kf5
40. Bc1 h5 41. Bd2 Bf8 42. Re8 Bc5 43. Rc8 d3 44. Rc6 g5 45. g4+ hxg4+ 46.
hxg4+ Ke5 47. Bxg5 Rf7+ 48. Kg3 Bb4 49. Rxb6 d2 50. Rb5+ Ke4 51. Rd5 Rf3+ 52.
Kh4 Rd3 53. Rxd3 Kxd3 54. Bxd2 Bxd2 55. g5 Ke4 56. g6 Bh6 57. b4 axb4 58. a5 b3
59. a6 b2 60. a7 b1=Q 61. a8=Q+ Kf4 62. Kh5 Bg7 63. Qd5 Qf5+ 64. Qxf5+ Kxf5 65.
c5 Ke5 66. c6 Kd6 67. Kg4 Kxc6 68. Kf5 Kd5 69. Kf4 Ke6 70. Ke4 Kf6 71. Kd3 Kxg6
1/2-1/2

[Event "10. Lichtenberger Sommer"]
[Site "Berlin"]
[Date "2011.08.20"]
[Round "8.9"]
[White "Cremer, Jan Paul"]
[Black "Meissner, Felix"]
[Result "1/2-1/2"]
[WhiteElo "2033"]
[BlackElo "2268"]
[PlyCount "156"]
[EventDate "2011.??.??"]
[WhiteTeam "Schachpinguine Berlin e.V."]
[BlackTeam "Hamburger SK von 1830 eV"]

1. e4 c5 2. Nf3 d6 3. d4 cxd4 4. Nxd4 Nf6 5. Nc3 a6 6. h3 e6 7. g4 Be7 8. Bg2
O-O 9. O-O Nfd7 10. Be3 Nc6 11. Qe2 Qc7 12. f4 Bf6 13. Qf2 Bxd4 14. Bxd4 Nxd4
15. Qxd4 e5 16. Nd5 Qd8 17. Qf2 exf4 18. Qxf4 Ne5 19. Rad1 Be6 20. Ne3 Rc8 21.
Rd2 Qb6 22. b3 Rc3 23. Re1 Rfc8 24. Kh1 a5 25. a4 Qc5 26. Nd5 Bxd5 27. Rxd5 Qc7
28. Red1 Rxc2 29. Rxd6 f6 30. Qf5 Re8 31. Qh5 Qf7 32. Qxf7+ Kxf7 33. Rb6 Re7
34. Rd5 Ng6 35. Rbd6 Nf4 36. Rd2 Rxd2 37. Rxd2 Nxg2 38. Kxg2 Rxe4 39. Rd7+ Re7
40. Rd5 b6 41. Rb5 Re6 42. b4 axb4 43. Rxb4 Ke7 44. Rb5 Kd7 45. a5 bxa5 46.
Rxa5 Re7 47. Ra6 Ke8 48. Kf3 Kf7 49. h4 Rb7 50. h5 g6 51. hxg6+ hxg6 52. Ra3
Kg7 53. Ra6 Rb1 54. Kg2 Rb3 55. Rc6 Re3 56. Ra6 Re7 57. Kg3 Rf7 58. Rc6 Kh6 59.
Ra6 Kg5 60. Ra5+ f5 61. gxf5 gxf5 62. Ra4 Rb7 63. Kf3 Rb3+ 64. Kf2 f4 65. Ra8
Rb2+ 66. Kf3 Rb3+ 67. Kf2 Rb6 68. Rg8+ Rg6 69. Rxg6+ Kxg6 70. Kf3 Kf5 71. Kf2
Ke4 72. Ke2 f3+ 73. Kf2 Kf4 74. Kf1 Kf5 75. Kf2 Ke4 76. Kf1 Ke3 77. Ke1 f2+ 78.
Kf1 Kf3 1/2-1/2

[Event "10. Lichtenberger Sommer"]
[Site "Berlin"]
[Date "2011.08.20"]
[Round "8.10"]
[White "Reichenbach, Werner"]
[Black "Cusnariov, Nicolai"]
[Result "0-1"]
[WhiteElo "2313"]
[BlackElo "2143"]
[PlyCount "62"]
[EventDate "2011.??.??"]
[WhiteTeam "Schachclub Oberkrämer"]
[BlackTeam "USV Potsdam e.V., Abt. Schach"]

1. e4 c5 2. Nf3 d6 3. c3 Nf6 4. Be2 g6 5. O-O Bg7 6. Re1 O-O 7. Bf1 e5 8. d3
Nc6 9. Nbd2 d5 10. a3 Re8 11. b4 cxb4 12. axb4 d4 13. Bb2 dxc3 14. Bxc3 Bg4 15.
Qb3 Bxf3 16. Nxf3 Qd6 17. b5 Nd4 18. Nxd4 exd4 19. Bb4 Qe5 20. Bd2 Ng4 21. f4
Qh5 22. h3 Ne3 23. Rac1 Qh4 24. Bxe3 dxe3 25. Be2 Qf2+ 26. Kh1 Rac8 27. Qb1 Bc3
28. Bf3 Bxe1 29. Rxe1 Rc2 30. Rf1 Qd2 31. Rd1 Qc3 0-1

[Event "10. Lichtenberger Sommer"]
[Site "Berlin"]
[Date "2011.08.20"]
[Round "8.12"]
[White "Perestjuk, Marko"]
[Black "Jahnz, Fabian"]
[Result "0-1"]
[WhiteElo "1964"]
[BlackElo "2211"]
[PlyCount "54"]
[EventDate "2011.??.??"]
[WhiteTeam "SC Zitadelle Spandau 1977 e.V."]
[BlackTeam "SK König Tegel 1949 e.V."]

1. e4 e5 2. Nf3 Nc6 3. d4 exd4 4. Bc4 Bc5 5. c3 Nf6 6. cxd4 Bb4+ 7. Bd2 Nxe4 8.
Bxb4 Nxb4 9. Bxf7+ Kxf7 10. Qb3+ d5 11. Ne5+ Ke6 12. Qxb4 c5 13. Qb5 a6 14. Qd3
Qb6 15. O-O Qxb2 16. Qh3+ Ke7 17. Qh4+ g5 18. Qh6 Qxa1 19. Qg7+ Ke6 20. Qxh8
Qxd4 21. Qe8+ Kd6 22. Nf7+ Kc7 23. Nd8 Qf6 24. Nf7 Rb8 25. f3 Qd4+ 26. Kh1 Nf2+
27. Rxf2 Qd1+ 0-1

[Event "10. Lichtenberger Sommer"]
[Site "Berlin"]
[Date "2011.08.20"]
[Round "8.13"]
[White "Major, Vitalij"]
[Black "Groß, Thorsten"]
[Result "1-0"]
[WhiteElo "2112"]
[BlackElo "2150"]
[PlyCount "181"]
[EventDate "2011.??.??"]
[WhiteTeam "SC Zitadelle Spandau 1977 e.V."]
[BlackTeam "SC Weisse Dame e.V."]

1. d4 Nf6 2. c4 e6 3. Nc3 d5 4. Bg5 Be7 5. e3 O-O 6. Nf3 h6 7. Bh4 b6 8. Bxf6
Bxf6 9. cxd5 exd5 10. Bd3 Be6 11. Rc1 c5 12. Bb1 Nd7 13. h3 g6 14. Ne2 Re8 15.
Nf4 Bg7 16. O-O Rc8 17. dxc5 Rxc5 18. Rxc5 Nxc5 19. Nd4 a5 20. b3 Qg5 21. a3
Be5 22. Nf3 Qf6 23. Nxd5 Bxd5 24. Qxd5 Bc3 25. Qc4 Rd8 26. b4 Ne6 27. bxa5 Bxa5
28. e4 Qf4 29. Qb3 Nc5 30. Qc4 Re8 31. Qb5 Rd8 32. e5 Qa4 33. Qxa4 Nxa4 34. e6
Nc3 35. exf7+ Kxf7 36. Bc2 Kf6 37. Re1 Nb5 38. Re3 Rc8 39. Ba4 Nc3 40. Bd7 Rd8
41. Re6+ Kg7 42. Ne5 Ne2+ 43. Kh2 Nf4 44. Rd6 Bc3 45. Nc4 g5 46. g3 Ng6 47.
Nxb6 Nf8 48. Rd5 Rb8 49. Na4 Be1 50. Kg2 Rb3 51. Nc5 Rxa3 52. Be8 Ra7 53. Bh5
Ra5 54. Rf5 Kg8 55. Bg4 Bb4 56. Ne4 Nh7 57. Rf3 Re5 58. Re3 Kg7 59. Bf3 Nf6 60.
Rb3 Be7 61. Nd2 Rc5 62. Rb7 Kf7 63. Nf1 Re5 64. Ne3 Kg6 65. Bd1 Kf7 66. g4 Kg8
67. Nf5 Bf8 68. Bb3+ Kh8 69. Rf7 Nh7 70. Bc2 Re6 71. Nxh6 Rxh6 72. Bxh7 Bg7 73.
Be4 Rf6 74. Rxf6 Bxf6 75. h4 gxh4 76. f4 Bc3 77. g5 Bd2 78. Kf3 h3 79. Kg4 h2
80. f5 Kg7 81. f6+ Kf7 82. Kf5 Kf8 83. g6 Bh6 84. Bd5 Bg7 85. fxg7+ Kxg7 86.
Kg5 Kh8 87. Bh1 Kg7 88. Bg2 Kh8 89. Kf6 Kg8 90. Bd5+ Kf8 91. g7+ 1-0

[Event "10. Lichtenberger Sommer"]
[Site "Berlin"]
[Date "2011.08.20"]
[Round "8.14"]
[White "Penner, Markus"]
[Black "Simon, Ralf-Axel"]
[Result "0-1"]
[WhiteElo "1949"]
[BlackElo "2200"]
[PlyCount "68"]
[EventDate "2011.??.??"]
[WhiteTeam "SK Zehlendorf e.V."]
[BlackTeam "TSG Neuruppin"]

1. e4 c5 2. Nf3 Nc6 3. d4 cxd4 4. Nxd4 Qb6 5. Nb3 Nf6 6. Nc3 e6 7. Be2 Be7 8.
O-O O-O 9. Be3 Qc7 10. f4 d6 11. g4 Re8 12. g5 Nd7 13. Kh1 a6 14. f5 b5 15. Bg4
Nde5 16. f6 Nxg4 17. Qxg4 Ne5 18. Qg3 Bf8 19. a3 Bb7 20. Rae1 g6 21. Nd2 Rac8
22. h4 a5 23. Nxb5 Qxc2 24. Rf4 Qxb2 25. Rb1 Rc1+ 26. Rxc1 Qxc1+ 27. Kh2 Qb2
28. Nd4 Rc8 29. h5 Rc3 30. hxg6 Nxg6 31. Rf2 Ne5 32. Nf1 Qa1 33. Qh4 Rxe3 34.
Nxe3 Qxd4 0-1

[Event "10. Lichtenberger Sommer"]
[Site "Berlin"]
[Date "2011.08.20"]
[Round "8.15"]
[White "Sabrowski, Uwe"]
[Black "Hein, Carsten"]
[Result "0-1"]
[WhiteElo "2099"]
[BlackElo "2182"]
[PlyCount "70"]
[EventDate "2011.??.??"]
[WhiteTeam "SC Friesen Lichtenberg e.V."]
[BlackTeam "Potsdamer SV Mitte e.V."]

1. d4 Nf6 2. c4 e5 3. dxe5 Ng4 4. e4 Nxe5 5. f4 Nec6 6. Be3 Bb4+ 7. Nc3 Qe7 8.
Qc2 Bxc3+ 9. bxc3 d6 10. Nf3 Bg4 11. Nd4 Bd7 12. Bd3 Na6 13. O-O Nc5 14. Nxc6
Bxc6 15. Bxc5 dxc5 16. e5 O-O-O 17. Be4 Bxe4 18. Qxe4 Kb8 19. Rab1 b6 20. a4 a5
21. Rb5 Ka7 22. Rfb1 Rb8 23. h3 Qd7 24. Kh2 g6 25. Qd5 Rhd8 26. Qf3 Qe6 27. Qe4
Qd7 28. Qf3 h5 29. Qe4 Qe6 30. R1b2 Qd7 31. Qf3 Qf5 32. Rb1 Rd3 33. Qf2 Rxc3
34. Rxa5+ Kb7 35. Rxc5 Qxb1 0-1

[Event "10. Lichtenberger Sommer"]
[Site "Berlin"]
[Date "2011.08.20"]
[Round "8.16"]
[White "Rohde, Wolfgang"]
[Black "Guenther, Thomas"]
[Result "1/2-1/2"]
[WhiteElo "2176"]
[BlackElo "2132"]
[PlyCount "83"]
[EventDate "2011.??.??"]
[WhiteTeam "SC Friesen Lichtenberg e.V."]
[BlackTeam "SV Senat (FV Schach)"]

1. d4 Nf6 2. Nf3 e6 3. g3 b5 4. Bg2 Bb7 5. O-O Be7 6. c3 O-O 7. Nbd2 c5 8. dxc5
Bxc5 9. a4 bxa4 10. Qxa4 d5 11. Nb3 Bc6 12. Qh4 Be7 13. Ne5 Be8 14. Qd4 Qc7 15.
Bg5 a5 16. c4 Nc6 17. Nxc6 Bxc6 18. cxd5 Bxd5 19. Rfc1 Qd8 20. Bxd5 Nxd5 21.
Bxe7 Nxe7 22. Qxd8 Rfxd8 23. Nxa5 Rab8 24. b3 Rb5 25. Rc7 Nd5 26. Ra7 g6 27.
Rc1 Nb4 28. Rcc7 Rf8 29. e4 Nd3 30. Rc3 Nc5 31. f3 Rd8 32. Kg2 Rd3 33. Rxd3
Nxd3 34. Nc6 Rxb3 35. Nd8 Ne5 36. f4 Rb2+ 37. Kf1 Ng4 38. h3 Nh2+ 39. Ke1 Nf3+
40. Kf1 Nh2+ 41. Ke1 Nf3+ 42. Kf1 1/2-1/2

[Event "10. Lichtenberger Sommer"]
[Site "Berlin"]
[Date "2011.08.20"]
[Round "8.17"]
[White "Stark, Ingo"]
[Black "Dreke, Frank"]
[Result "0-1"]
[WhiteElo "2166"]
[BlackElo "2030"]
[PlyCount "106"]
[EventDate "2011.??.??"]
[WhiteTeam "TSG Oberschöneweide e.V."]
[BlackTeam "Treptower SV 1949 e.V."]

1. e4 Nf6 2. e5 Nd5 3. d4 d6 4. f4 c5 5. Nf3 Bf5 6. Bd3 Bxd3 7. Qxd3 Nc6 8. Qe4
e6 9. c4 Ndb4 10. d5 Nd4 11. Nxd4 cxd4 12. dxe6 fxe6 13. exd6 Qxd6 14. a3 Qc6
15. Qxc6+ Nxc6 16. O-O g6 17. b4 Bg7 18. Bb2 O-O 19. Nd2 e5 20. fxe5 Rxf1+ 21.
Rxf1 Nxe5 22. c5 Rd8 23. Rd1 a6 24. a4 Bh6 25. Nf1 Nc6 26. b5 axb5 27. axb5 Na7
28. b6 Nc6 29. Kf2 Rd5 30. Ba3 Bf8 31. Rc1 Kf7 32. Kf3 Re5 33. Rc2 Rf5+ 34. Ke2
d3+ 35. Kxd3 Rxf1 36. Kc4 Rf5 37. Rd2 Ke6 38. h3 Re5 39. Rf2 Be7 40. Rd2 Re4+
41. Kb3 Na5+ 42. Ka2 Nc6 43. Kb3 Rd4 44. Rf2 Rd3+ 45. Kb2 Re3 46. Rc2 Bf6+ 47.
Ka2 Re1 48. Rd2 Be5 49. Bb2 Bxb2 50. Kxb2 Re5 51. Rc2 Kd5 52. Rd2+ Kxc5 53. Rd7
Re7 0-1

[Event "10. Lichtenberger Sommer"]
[Site "Berlin"]
[Date "2011.08.20"]
[Round "8.18"]
[White "Sevian, Armen"]
[Black "Mai, Andreas"]
[Result "1-0"]
[WhiteElo "2208"]
[BlackElo "1943"]
[PlyCount "61"]
[EventDate "2011.??.??"]
[WhiteTeam "vereinslos"]
[BlackTeam "SC Friesen Lichtenberg e.V."]

1. d4 Nf6 2. c4 g6 3. Nc3 Bg7 4. e4 d6 5. f4 O-O 6. Nf3 Bg4 7. Be2 Nbd7 8. e5
Ne8 9. h3 Bxf3 10. Bxf3 c6 11. O-O Nc7 12. Be3 Rb8 13. Qd2 f5 14. exf6 exf6 15.
f5 Nb6 16. b3 d5 17. c5 Nc8 18. Bf4 Re8 19. Rae1 Rxe1 20. Rxe1 Ne7 21. fxg6
Nxg6 22. Bg4 Ra8 23. Bf5 Nh4 24. Qd3 Nxf5 25. Qxf5 Nb5 26. Nxb5 cxb5 27. Bd6
Qa5 28. Re7 Kh8 29. Qxd5 Rg8 30. Qf7 f5 31. Qxg7+ 1-0

[Event "10. Lichtenberger Sommer"]
[Site "Berlin"]
[Date "2011.08.20"]
[Round "8.19"]
[White "Niehaus, Frank"]
[Black "Stadtmueller, Harald"]
[Result "1/2-1/2"]
[WhiteElo "2190"]
[BlackElo "2132"]
[PlyCount "22"]
[EventDate "2011.??.??"]
[WhiteTeam "SK König Tegel 1949 e.V."]
[BlackTeam "VSG 1880 Offenbach"]

1. e4 g6 2. d4 Bg7 3. c4 d6 4. Nc3 e5 5. Nf3 exd4 6. Nxd4 Nc6 7. Be3 Nge7 8.
Be2 O-O 9. O-O f5 10. exf5 Bxd4 11. Bxd4 Nxf5 1/2-1/2

[Event "10. Lichtenberger Sommer"]
[Site "Berlin"]
[Date "2011.08.20"]
[Round "8.20"]
[White "Stiefel, Roland"]
[Black "Lerch, Philipp"]
[Result "0-1"]
[WhiteElo "2064"]
[BlackElo "2078"]
[PlyCount "96"]
[EventDate "2011.??.??"]
[WhiteTeam "SSV Vimaria 91 Weimar"]
[BlackTeam "SK König Tegel 1949 e.V."]

1. d4 Nf6 2. Bf4 g6 3. e3 Bg7 4. Nf3 O-O 5. Nbd2 d6 6. Be2 Nbd7 7. h3 Re8 8.
O-O e5 9. Bg3 e4 10. Ne1 Nf8 11. c4 Bf5 12. Nc2 h5 13. b4 N6d7 14. Rb1 Ne6 15.
Nb3 Qf6 16. f4 c6 17. Qe1 Qe7 18. Bh4 Bf6 19. Bxf6 Nxf6 20. Qh4 Ng7 21. b5 cxb5
22. Na5 Bd7 23. Nxb7 bxc4 24. Bxc4 Rec8 25. Na5 d5 26. Bb3 Nf5 27. Qg5 Bb5 28.
Rf2 Rab8 29. g4 hxg4 30. hxg4 Nh7 31. Qxe7 Nxe7 32. Na3 Bd3 33. Re1 Rb6 34. f5
gxf5 35. gxf5 Ng5 36. Kg2 Nf3 37. Rd1 Nxf5 38. Rxf3 exf3+ 39. Kxf3 Be4+ 40. Kf4
Ra6 41. Nb7 Rxa3 42. Nc5 Ra5 43. Nd7 Ra6 44. Nc5 Rf6 45. Ke5 Kg7 46. Nxe4 dxe4
47. Rg1+ Rg6 48. Rf1 Re8+ 0-1

[Event "10. Lichtenberger Sommer"]
[Site "Berlin"]
[Date "2011.08.20"]
[Round "8.22"]
[White "Strehlow, Horst"]
[Black "Zschaebitz, Klaus"]
[Result "0-1"]
[WhiteElo "2074"]
[BlackElo "2088"]
[PlyCount "110"]
[EventDate "2011.??.??"]
[WhiteTeam "SC Friesen Lichtenberg e.V."]
[BlackTeam "BSG 1827 Eckbauer e.V."]

1. e4 e6 2. d4 d5 3. Nd2 Nf6 4. e5 Nfd7 5. f4 c5 6. c3 Nc6 7. Ndf3 cxd4 8. cxd4
Bb4+ 9. Kf2 f6 10. g3 fxe5 11. dxe5 Be7 12. Kg2 Nc5 13. a3 a5 14. Be3 b6 15.
Bb5 Bd7 16. Bxc6 Bxc6 17. Nd4 Bd7 18. Ngf3 O-O 19. h4 h6 20. g4 Ne4 21. g5 Qe8
22. h5 Rf7 23. g6 Rf8 24. Nd2 Bc5 25. N2f3 Rc8 26. Rc1 Qe7 27. Qe2 b5 28. Nb3
Bxe3 29. Qxe3 a4 30. Nbd4 Rc4 31. Rxc4 bxc4 32. Nc2 Qc5 33. Nfd4 Rc8 34. Rf1
Qe7 35. Ne2 Qh4 36. Qh3 Qxh3+ 37. Kxh3 Kf8 38. Kg4 Rb8 39. Nb4 Ke7 40. Nd4 Rf8
41. f5 exf5+ 42. Kf4 Be6 43. Nbc6+ Kd7 44. Nxe6 Kxe6 45. Nd4+ Kd7 46. Rd1 Nf2
47. Rd2 Nd3+ 48. Ke3 f4+ 49. Ke2 Nxe5 50. Nb5 Nd3 51. Nc3 Re8+ 52. Kf3 Re3+ 53.
Kg4 Rg3+ 54. Kh4 Kd6 55. Nxa4 Ne1 0-1

[Event "10. Lichtenberger Sommer"]
[Site "Berlin"]
[Date "2011.08.20"]
[Round "8.23"]
[White "Albrecht, Rainer"]
[Black "Schwarz, Oliver"]
[Result "1/2-1/2"]
[WhiteElo "2125"]
[BlackElo "1960"]
[PlyCount "25"]
[EventDate "2011.??.??"]
[WhiteTeam "SC Kreuzberg e.V."]
[BlackTeam "SV Königsjäger Süd-West e.V."]

1. b3 d5 2. Bb2 c5 3. e3 Nf6 4. Nf3 Bg4 5. Be2 Nc6 6. Ne5 Bxe2 7. Qxe2 Nxe5 8.
Bxe5 e6 9. O-O a6 10. d3 Bd6 11. Bxd6 Qxd6 12. Nd2 O-O-O 13. e4 1/2-1/2

[Event "10. Lichtenberger Sommer"]
[Site "Berlin"]
[Date "2011.08.20"]
[Round "8.24"]
[White "Elsing, Jan"]
[Black "Axmann, Steffen"]
[Result "1-0"]
[WhiteElo "2124"]
[BlackElo "1893"]
[PlyCount "49"]
[EventDate "2011.??.??"]
[WhiteTeam "SC Friesen Lichtenberg e.V."]
[BlackTeam "Sfr.Nord-Ost Berlin"]

1. e4 Nf6 2. e5 Nd5 3. d4 d6 4. c4 Nb6 5. exd6 cxd6 6. Nc3 g6 7. Be3 Bg7 8. Rc1
O-O 9. b3 Nc6 10. d5 Ne5 11. Be2 Ned7 12. Nf3 Nf6 13. Nd4 e5 14. Ndb5 Bf5 15.
f3 e4 16. f4 Qe7 17. Nxa7 Rxa7 18. Bxb6 Raa8 19. Be3 Ng4 20. Bxg4 Qh4+ 21. g3
Qxg4 22. Qxg4 Bxg4 23. a4 Rfd8 24. Kf2 Kf8 25. Nxe4 1-0

[Event "10. Lichtenberger Sommer"]
[Site "Berlin"]
[Date "2011.08.20"]
[Round "8.25"]
[White "Burger, Heinrich"]
[Black "Hoffmann, Peter"]
[Result "1/2-1/2"]
[WhiteElo "2166"]
[BlackElo "2030"]
[PlyCount "54"]
[EventDate "2011.??.??"]
[WhiteTeam "VfB Hermsdorf e.V."]
[BlackTeam "BSG 1827 Eckbauer e.V."]

1. d4 Nf6 2. Nf3 g6 3. g3 Bg7 4. Bg2 d5 5. O-O O-O 6. Nbd2 b6 7. Nb3 Bb7 8. Ne5
Nbd7 9. f4 Ne4 10. Nd2 c5 11. Nxe4 dxe4 12. Nxd7 Qxd7 13. dxc5 Qd4+ 14. Qxd4
Bxd4+ 15. e3 Bxc5 16. Re1 Rfd8 17. Bf1 a6 18. Be2 Rd7 19. Rd1 Rad8 20. Rxd7
Rxd7 21. Kf2 b5 22. Ke1 h6 23. Bd2 g5 24. Rd1 Rd6 25. Bc1 gxf4 26. Rxd6 exd6
27. gxf4 Bc8 1/2-1/2

[Event "10. Lichtenberger Sommer"]
[Site "Berlin"]
[Date "2011.08.20"]
[Round "8.26"]
[White "Kirchhof, Arno"]
[Black "Arnold, Rouven"]
[Result "0-1"]
[WhiteElo "2048"]
[BlackElo "1799"]
[PlyCount "62"]
[EventDate "2011.??.??"]
[WhiteTeam "SC Zugzwang 95 e.V."]
[BlackTeam "Schachverein Grünfeld e.V."]

1. d4 d5 2. c4 Nc6 3. Nc3 Nf6 4. cxd5 Nxd5 5. e4 Nxc3 6. bxc3 e5 7. d5 Nb8 8.
Nf3 Nd7 9. Bb5 Bd6 10. Bg5 f6 11. Be3 O-O 12. O-O Nc5 13. Nd2 f5 14. Bxc5 Bxc5
15. Nb3 Bd6 16. Bd3 f4 17. c4 f3 18. Re1 Qg5 19. g3 b6 20. Re3 Qh5 21. Rc1 Be7
22. Nd2 Bg4 23. Bf1 Bg5 24. Rb3 Rf6 25. Rcc3 Raf8 26. h3 Rh6 27. Nxf3 Bxh3 28.
Qe2 Bxf1 29. Kxf1 Qh1+ 30. Ng1 Rh2 31. Rf3 Qg2+ 0-1

[Event "10. Lichtenberger Sommer"]
[Site "Berlin"]
[Date "2011.08.20"]
[Round "8.28"]
[White "Kapr, Klaus"]
[Black "Fartmann, Oliver"]
[Result "1-0"]
[WhiteElo "2058"]
[BlackElo "1845"]
[PlyCount "73"]
[EventDate "2011.??.??"]
[WhiteTeam "SC Friesen Lichtenberg e.V."]
[BlackTeam "SG Grün-Weiß Baumschulenweg e.V."]

1. e4 c5 2. Nf3 Nc6 3. d4 cxd4 4. Nxd4 Qb6 5. Nb3 Nf6 6. Nc3 e6 7. Be3 Qc7 8.
a3 a6 9. Be2 Be7 10. O-O O-O 11. f4 d6 12. Bf3 Re8 13. Qd2 b5 14. Qf2 Nd7 15.
Rad1 Bb7 16. g4 Bf8 17. Rd2 Na5 18. Nxa5 Qxa5 19. h3 Rac8 20. f5 Ne5 21. Be2
Rxc3 22. bxc3 Qxc3 23. fxe6 Rxe6 24. Bd3 Rf6 25. Qe2 Rxf1+ 26. Kxf1 Qxa3 27.
Bd4 Qc1+ 28. Qd1 Qa3 29. Rf2 Nc4 30. Qe2 d5 31. e5 Be7 32. Qf3 Qc1+ 33. Kg2
Nxe5 34. Bxe5 f6 35. Bd4 Qa3 36. Qf5 g6 37. Qe6+ 1-0